L:llä alkavat Suomen kaupungit - Statistics

Yleistilastot
  • Tätä visaa on pelattu 74 kertaa
  • Keskiarvotulos 7 / 9
Vastaustilastot
Hint Vastaus % Oikein
Päijät-Häme Lahti
89%
Varsinais-Suomi Lieto
85%
Etelä-Karjala Lappeenranta
84%
Varsinais-Suomi Loimaa
84%
Uusimaa Lohja
80%
Uusimaa Loviisa
79%
Varsinais-Suomi Laitila
74%
Etelä-Pohjanmaa Lapua
72%
Pohjois-Karjala Lieksa
72%
Ehtoja vastaavia visoja ei löytynyt
Tulosjakauma
Jokaisen tuloksen saaneiden osuus
Persentiili vastausten määrän mukaan
Tuloshistoriasi
Et ole pelannut tätä visaa